LEADER 00930nam a2200229 i 4500 001 000000149311 003 CaOOAMICUS 005 20060329000000.0 008 060329s1970 it u000 u ita u 013 $a126631 040 $aSeMil$bita 100 1 $aMaggioni, Romeo,$c.$0(OLS)http://semarc/name/89554 245 10$aSe vuoi ...! :$bmessaggio per te che scegli la vita! /$cRomeo Maggioni. 260 $aLegnano :$b[s.n.],$c1970. 300 $a79 p. ;$c19 cm. 500 $aIn occhietto : pro manuscripto ; Strenna natalizia. 650 4$aSequela - Meditazioni.$0(OLS)http://semarc/subject/29164 850 $aSeMil 852 $aSeMil$W1$xVenegono$y1$m3F II 381$j101581$B101581$CSeMilBibl$Z2$F110329 $81 961 $aOmaggio: Altro 996 $6245$aSe vuoi ...! :$bmessaggio per te che scegli la vita!$9(OLS)http://semarc/title/218265 996 $6260$aLegnano :$b[s.n.]$9(OLS)http://semarc/publisher/36823 LEADER 01290nam a2200265 i 4500 001 000000356032 003 CaOOAMICUS 005 20231107152812.0 008 231107s1841 it u000 u ita u 013 $a31943 040 $aSeMil$bita 100 1 $aPeltier, Adolphe Charles.$0(OLS)http://semarc/name/13474 245 10$aLamennais confutato da se medesimo :$ball'occasione dell'opera sua intitolata: Abbozzo di una filosofia /$c[Adolfo Carlo Peltier] ; traduzione italiana del sacerdote A. Bendotti. 260 $aMilano :$bPirotta e C.,$c1841. 300 $a111 p. ;$c23 cm. 500 $aNome dell'Autore in fine. 650 4$aLa Mennais, Jean-Marie : de .$0(OLS)http://semarc/subject/4541 700 1 $aBendotti, Andrea.$0(OLS)http://semarc/name/12247 850 $aSeMil 852 $aSeMil$W1$xVenegono$y1$m5B IV 9/9$j244215$B247210$CSeMilBibl$Z2$F247210 $8I 961 $aRecupero da Biblioteca Seminario Liceale Monza 961 $aEtichetta della Biblioteca del Seminario Liceale di Monza 996 $6245$aLamennais confutato da se medesimo :$ball'occasione dell'opera sua intitolata: Abbozzo di una filosofia$9(OLS)http://semarc/title/95328 996 $6260$aMilano :$bPirotta e C.$9(OLS)http://semarc/publisher/31219